| 000 | 00673cab a22002055a 4500 | ||
|---|---|---|---|
| 001 | L149457 | ||
| 008 | 100308e20100225xxkd f s 000 0 eng d | ||
| 035 | _a(Sirsi) u149457 | ||
| 041 | 0 | _aeng | |
| 100 | 1 | _aDavidson, Sarah | |
| 245 | 0 | 0 | _aHistory is repeating for tender prices. |
| 260 | _c2010 | ||
| 490 | 0 |
_aConstruction News _v(7156) 25 February 2010, 28-29(2) |
|
| 520 | _aAnalysis of the current and historical developments in tender prices using the Building Cost Information Service tender price index. | ||
| 590 | _aKA | ||
| 650 | 2 | 4 | _aBCIS ALL-IN TENDER PRICE INDEX |
| 651 | 4 |
_aUnited Kingdom _y |
|
| 690 | _aBUILT ENVIRONMENT-BUILDING COSTS | ||
| 942 | _n0 | ||
| 999 |
_c82176 _d82176 |
||